| 000 -LEADER |
| fixed length control field |
01137nam a22003497a 4500 |
| 001 - CONTROL NUMBER |
| control field |
24381493 |
| 003 - CONTROL NUMBER IDENTIFIER |
| control field |
KWIU |
| 005 - DATE AND TIME OF LATEST TRANSACTION |
| control field |
20241223111530.0 |
| 008 - FIXED-LENGTH DATA ELEMENTS--GENERAL INFORMATION |
| fixed length control field |
980429n1992 xx u001 0 eng u |
| 020 ## - INTERNATIONAL STANDARD BOOK NUMBER |
| International Standard Book Number |
9789389702132 |
| 025 ## - OVERSEAS ACQUISITION NUMBER |
| Overseas acquisition number |
000000076444 |
| 040 ## - CATALOGING SOURCE |
| Original cataloging agency |
NLM |
| Transcribing agency |
NLM |
| Language of cataloging |
eng |
| Modifying agency |
eng |
| 041 ## - LANGUAGE CODE |
| Language code of text/sound track or separate title |
eng |
| 049 ## - LOCAL HOLDINGS (OCLC) |
| Holding library |
VZYM |
| 080 ## - UNIVERSAL DECIMAL CLASSIFICATION NUMBER |
| Universal Decimal Classification number |
616.8 |
| Item number |
H-13 |
| 096 ## - LOCALLY ASSIGNED NLM-TYPE CALL NUMBER (OCLC) |
| Classification number |
WL 141 H136d 1992 |
| 100 1# - MAIN ENTRY--PERSONAL NAME |
| Personal name |
Haerer, Armin F., |
| Dates associated with a name |
1934- |
| 245 10 - TITLE STATEMENT |
| Title |
DeJong's the neurologic examination. |
| Statement of responsibility, etc. |
/ by: J. B. Lippincott Company |
| 250 ## - EDITION STATEMENT |
| Edition statement |
South Asian Edition |
| 260 ## - PUBLICATION, DISTRIBUTION, ETC. |
| Place of publication, distribution, etc. |
Wolkers Kluver |
| Date of publication, distribution, etc. |
2020 |
| 300 ## - PHYSICAL DESCRIPTION |
| Extent |
xi,959 p. : |
| Other physical details |
ill., port. ; |
| 500 ## - GENERAL NOTE |
| General note |
Rev. ed. of: The neurologic examination / Russell N. DeJong. 4th ed. c1979. |
| 504 ## - BIBLIOGRAPHY, ETC. NOTE |
| Bibliography, etc. note |
Includes bibliographical references and index. |
| 590 ## - LOCAL NOTE (RLIN) |
| Local note |
c. 1 930207 Login 9/4/92 $90. |
| 650 #2 - SUBJECT ADDED ENTRY--TOPICAL TERM |
| Topical term or geographic name entry element |
Neurologic Examination. |
| 650 #0 - SUBJECT ADDED ENTRY--TOPICAL TERM |
| Topical term or geographic name entry element |
Neurology |
| 9 (RLIN) |
100 |
| 653 ## - INDEX TERM--UNCONTROLLED |
| Uncontrolled term |
ნევროლოგია |
| 653 ## - INDEX TERM--UNCONTROLLED |
| Uncontrolled term |
ნევროლოგიური გასინჯვა |
| 700 1# - ADDED ENTRY--PERSONAL NAME |
| Personal name |
DeJong, Russell N. |
| Title of a work |
Neurologic examination. |
| 740 0# - ADDED ENTRY--UNCONTROLLED RELATED/ANALYTICAL TITLE |
| Uncontrolled related/analytical title |
Neurologic examination. |
| 942 ## - ADDED ENTRY ELEMENTS (KOHA) |
| Source of classification or shelving scheme |
|
| Koha item type |
Books |
| Edition |
5 |